Investigation and Implementation of Image Steganalysis (Record no. 327041)

000 -LEADER
fixed length control field 00366 a2200133 4500
001 - CONTROL NUMBER
control field 91968
082 ## - DEWEY DECIMAL CLASSIFICATION NUMBER
Classification number PR 1741
090 ## - LOCALLY ASSIGNED LC-TYPE CALL NUMBER (OCLC); LOCAL CALL NUMBER (RLIN)
-- 43917
-- 43916
100 ## - MAIN ENTRY--PERSONAL NAME
Personal name Zohaib Khan; Prof Atif Bin Mansoor, Advisor
245 ## - TITLE STATEMENT
Title Investigation and Implementation of Image Steganalysis
Number of part/section of a work 65 "B" EC
260 ## - PUBLICATION, DISTRIBUTION, ETC.
Place of publication, distribution, etc. Rawalpindi
Name of publisher, distributor, etc. NUST
Date of publication, distribution, etc. 2009
300 ## - PHYSICAL DESCRIPTION
Extent 50p
500 ## - GENERAL NOTE
General note BE Project Report
942 ## - ADDED ENTRY ELEMENTS (KOHA)
Institution code [OBSOLETE] CAE NUST
Call number prefix PR 1741
Holdings
Withdrawn status Lost status Damaged status Not for loan Collection code Permanent Location Current Location Date acquired Total Checkouts Full call number Barcode Date last seen Price effective from Koha item type
          College of Aeronautical Engineering (CAE) College of Aeronautical Engineering (CAE) 04/03/2017   PR 1741 CAEPR-1741 04/05/2017 04/05/2017 Book
© 2023 Central Library, National University of Sciences and Technology. All Rights Reserved.